[Event "Chicago op 32nd"]
[Site "Chicago"]
[Date "2023.05.29"]
[Round "8"]
[White "Titus, Andrew L"]
[Black "Danilyan, Eduard"]
[Result "1-0"]
[WhiteElo "2140"]
[BlackElo "1849"]
[PlyCount "61"]
[EventDate "2023.05.25"]
[EventType "swiss"]
[EventRounds "9"]
[EventCountry "USA"]
[SourceTitle "CBM 214 Extra"]
[Source "ChessBase"]
[SourceDate "2023.07.31"]
[SourceVersion "1"]
[SourceVersionDate "2023.07.31"]
[SourceQuality "1"]

1. e4 c5 2. Nf3 Nc6 3. d4 cxd4 4. Nxd4 Nf6 5. Nc3 e5 6. Ndb5 d6 7. Bg5 a6 8. Na3 b5 9. Nd5 Be7 10. Bxf6 Bxf6 11. c3 0-0 12. Nc2 Rb8 13. Be2 Bg5 14. 0-0 Be6 15. Nce3 Ne7 16. a4 bxa4 17. Nc4 Bxd5 18. exd5 Rb5 19. Qxa4 Rxd5 20. Qxa6 f5 21. Rfd1 Rf6 22. Rxd5 Nxd5 23. Qb7 Nc7 24. Ra7 Rf7 25. Qc6 Rd7 26. Nb6 Re7 27. Nd5 Nxd5 28. Qxd5+ Kh8 29. Ra8 Re8 30. Rxd8 Rxd8 31. b4 1-0